000 00627nam a2200241Ia 4500
003 OSt
005 20221006141901.0
006 a|||||r|||| 00| 0
007 ta
008 221006b |||||||| |||| 00| 0 eng d
020 _c700.00
024 _a4,561
037 _cTextual
040 _aEASL
_cEASL
_beng
041 _2eng
_aeng
082 _aY:f, M3
100 _aOVEREND Troun
_9646442
245 0 _aSocial idealism and the problem of objectivity
260 _aNil
_bUniv of Queensland Press
_c1983
300 _a215p.
_ccm.
942 _hY:f, M3
_cTEXL
_2CC
999 _c1072647
_d1072647